000 00925nam a2200193Ia 4500
008 130821s1842 ck gr spa
040 _aCo-BoUCM
_bspa
041 0 0 _aspa
110 1 _aColombia.
_bMinisterio de Relaciones Exteriores
245 1 0 _aExposición que el Secretario de Estado en el Despacho del Interior y relaciones Exteriores del Gobierno de la Nueva Granada dirige al Congreso constitucional del año de 1842.
_cMinisterio de Relaciones Exteriores, Mariano Ospina
260 _aBogotá (Colombia)
_b[Imprenta de José A. Cualla]
_c1842
300 _a80 páginas
651 7 _aColombia
_bRelaciones internacionales
_y1842
_926606
651 7 _aColombia
_xAdministración pública
_vInformes
_y1842
_926606
651 1 4 _aColombia
_bMinisterio de Relaciones Exteriores
_vInformes
_y1842
_926606
700 1 _aOpsina, Mariano
942 _cLIBRO
_a6
_e1
_mC718
_2DEWEY
_h351.0006
999 _c62293
_d62293